01260nam a2200253 a 450000100100000000500170001000800410002704000250006808200220009310000470011524500880016226000380025030000270028850000630031559000260037865000280040465000310043270000360046391000370049995201350053695201920067195201260086399900170098900001032720240412074217.0091006s1993 dr a 000 p spa d aDO-SdBNPbspacBNPHU aRD861.44bH557por aHernández Rueda, Lupo,d1930-201792379010aPor el mar de tus ojos (1993) /cLupo Hernández Rueda ; ilustraciones Geo Ripley. aSanto Domingo :bCorripio,c1993. a102 p. :bil ;c23 cm. aIncluye datos biográficos del autor en la contracubierta aInventariado, 2018/LP 0aPoesía dominicana966 0aLiteratura dominicana.96712aRipley, Geo,d1930-eil.925341 aValidado. Control de calidad MFF 001054708DSaGRbGRcHDd2011-09-09iLF1l0oRD861.44 H557porp10327-30r2020-06-25te. 3w2020-06-25yLFDSZPréstamo en sala 0010718PDaPDbPDcHDd2009-10-06iLF1l0oRD861.44 H557porp10327-10r2020-06-25w2020-06-25yLFPDzPerteneció a la bibliteca personal de Aída Cartagena Portalatín.ZNo se presta 0010718PDaPDbPDcHDd2009-10-19iLF1l0oRD861.44 H557porp10327-20r2020-06-25te. 2w2020-06-25yLFPDZNo se presta c10086d10086